| Tag |
First Indicator |
Second Indicator |
Subfields |
| LEADER |
00000cas a2200000 4500 |
| 001 |
in00000214821 |
| 005 |
20151009060605.0 |
| 008 |
790911d19551962cs br p 0uuub0cze d |
| 035 |
|
|
|a (OCoLC)05360733
|
| 035 |
|
|
|9 AAX4002AM
|
| 040 |
|
|
|a TXA
|c TXA
|d UtOrBLW
|
| 041 |
0 |
|
|a cze
|b cze
|b eng
|b rus
|b mul
|f cze
|f eng
|f rus
|f mul
|
| 049 |
|
|
|a TXAE
|
| 090 |
|
|
|a HD101
|b .C87
|
| 110 |
2 |
|
|a Československá akademie zemědělských věd.
|
| 245 |
1 |
0 |
|a Sbornik.
|p Zemedelska ekonomika.
|
| 246 |
2 |
0 |
|a Zemedelska ekonomika
|
| 264 |
|
1 |
|a Praha.
|b [publisher not identified] ;
|
| 300 |
|
|
|a 8 volumes :
|b illustrations
|a bimonthly.
|
| 336 |
|
|
|a text
|b txt
|2 rdacontent
|
| 337 |
|
|
|a unmediated
|b n
|2 rdamedia
|
| 338 |
|
|
|a volume
|b nc
|2 rdacarrier
|
| 362 |
0 |
|
|a roc. 1-8, cis. 3; 1955-March 1962.
|
| 515 |
|
|
|a Called also v. 28- continuing the vol. numbering of its Sbornik, which it supersedes in part.
|
| 525 |
|
|
|a Supplements accompany some numbers.
|
| 546 |
|
|
|a Tables of contents and summaries also in Russian, English or other languages.
|
| 650 |
|
0 |
|a Agriculture
|x Economic aspects
|z Czechoslovakia
|x Periodicals.
|
| 780 |
1 |
3 |
|a Ceskoslovenska Akademie Zemedelskych Ved.
|t Sbornik
|
| 785 |
0 |
0 |
|a Czechoslovak Republic. Ministerstvo Zemedelstvi, Lesniho a Vodniho Hospodarstvi. Ustav Vedecko-technickych Informaci.
|t Zemedelska ekonomika
|
| 999 |
|
|
|a MARS
|
| 999 |
f |
f |
|s 7a2af66e-3bd3-3ab0-8040-c3d817dc1c7a
|i eeab8a32-4222-3a1c-a0fd-93f3c3032f4a
|t 0
|
| 952 |
f |
f |
|p ric
|a Texas A&M University
|b Rellis Campus
|c Joint Library Facility
|d Remote Storage
|t 0
|e HD101 .C87
|h Library of Congress classification
|i unmediated -- volume
|k v.31:no.1-7
|l 1958
|m A14842210115
|
| 952 |
f |
f |
|p ric
|a Texas A&M University
|b Rellis Campus
|c Joint Library Facility
|d Remote Storage
|t 0
|e HD101 .C87
|h Library of Congress classification
|i unmediated -- volume
|k v.29
|l 1956
|m A14842210131
|
| 952 |
f |
f |
|p ric
|a Texas A&M University
|b Rellis Campus
|c Joint Library Facility
|d Remote Storage
|t 0
|e HD101 .C87
|h Library of Congress classification
|i unmediated -- volume
|k v.28:no.1-6
|l 1955
|m A14842210149
|
| 952 |
f |
f |
|p ric
|a Texas A&M University
|b Rellis Campus
|c Joint Library Facility
|d Remote Storage
|t 0
|e HD101 .C87
|h Library of Congress classification
|i unmediated -- volume
|k v.30
|l 1957
|m A14842210123
|
| 998 |
f |
f |
|a HD101 .C87
|s 28 (1955)-31 (1958)
|t 0
|l Remote Storage
|